Podaj nazwę miasta w każdym państwie europejskim - bez stolic - Statystyki

Ogólne statystyki
  • Ten quiz został rozwiązany 26 razy
  • Średni wynik to 27 z 43
Odpowiedzi na mapie
Odpowiedzi zakodowano w zielono-czerwonej skali na mapie do tego quizu, zgodnie z poniższymi procentami.
 
Statystyki odpowiedzi
Państwo Miasta % Poprawnych
Hiszpania Barcelona | Walencja | Sewilla | Saragossa | Málaga | Murcja | Palma | Las Palmas
100%
Ukraina Charków | Odessa | Dniepr | Donieck | Zaporoże | Lwów | Krzywy Róg | Mikołajów
100%
Niemcy Hamburg | Monachium | Kolonia | Frankfurt | Stuttgart | Düsseldorf | Lipsk | Dortmund
100%
Russia * including Siberia Petersburg | Nowosybirsk | Jekaterynburg | Kazań | Niżny Nowogród | Czelabińsk | Samara | Omsk
100%
Wielka Brytania Birmingham | Glasgow | Liverpool | Bristol | Manchester | Sheffield | Leeds | Edynburg
96%
Polska Kraków | Łódź | Wrocław | Poznań | Gdańsk | Szczecin | Bydgoszcz | Lublin
96%
Włochy Mediolan | Neapol | Turyn | Palermo | Genua | Bolonia | Florencja | Bari
96%
Portugalia Porto | Vila Nova de Gaia | Amadora | Braga | Funchal | Coimbra | Setúbal | Almada
96%
Francja Marsylia | Lyon | Tuluza | Nicea | Nantes | Montpellier | Strasburg | Bordeaux
92%
Czechy Brno | Ostrawa | Pilzno | Liberec | Ołomuniec | Czeskie Budziejowice | Hradec Králové | Uście nad Łabą
88%
Szwecja Göteborg | Malmö | Uppsala | Linköping | Örebro | Västerås | Helsingborg | Norrköping
88%
Holandia Rotterdam | Haga | Utrecht | Eindhoven | Groningen | Tilburg | Almere | Breda
88%
Czarnogóra Nikšić | Pljevlja | Cetinje | Bar | Budva | Bijelo Polje | Berane | Herceg Novi
83%
Szwajcaria Zurych | Genewa | Bazylea | Lozanna | Winterthur | Lucerna | St. Gallen | Lugano
83%
Grecja Saloniki | Patras | Pireus | Larisa | Heraklion | Peristeri | Acharnes
79%
Belgia Antwerpia | Gandawa | Charleroi | Liège | Schaerbeek | Anderlecht | Brugia| Namur
75%
Austria Graz | Linz | Salzburg | Innsbruck | Klagenfurt | Villach | Wels | Sankt Pölten
75%
Chorwacja Split | Rijeka | Osijek | Zadar | Pula | Sesvete | Slavonski Brod | Karlovac
75%
Litwa Kowno | Kłajpeda | Szawle | Poniewież | Olita | Mariampole | Możejki | Janów
71%
Norwegia Bergen | Trondheim | Stavanger | Bærum | Kristiansand | Drammen | Asker | Lillestrøm
67%
Finlandia Espoo | Tampere | Vantaa | Oulu | Turku | Jyväskylä | Lahti | Kuopio
67%
Białoruś Homel | Witebsk | Mohylew | Grodno | Brześć | Bobrujsk | Baranowicze | Borysów
67%
Słowacja Koszyce | Preszów | Żylina | Bańska Bystrzyca | Nitra | Trnawa | Trenczyn | Martin
67%
Irlandia Cork | Galway | Limerick | Waterford | Dundalk | Drogheda | Navan | Bray
63%
Dania Aarhus | Odense | Aalborg | Esbjerg | Randers | Kolding | Horsens | Vejle
58%
Rumunia Kluż-Napoka | Timișoara | Jassy | Konstanca | Krajowa | Brașzów | Gałacz | Ploeszti
58%
Bułgaria Płowdiw | Warna | Burgas | Ruse | Stara Zagora | Plewen | Sliwen | Dobricz
54%
Mołdawia Tyraspol | Bielce | Bendery | Rybnica | Ungheni | Kaguł | Dubosary | Soroki
54%
Węgry Debreczyn | Segedyn | Miszkolc | Pecz | Győr | Nyíregyháza | Kecskemét | Székesfehérvár
50%
Serbia Nowy Sad | Nisz | Kragujevac | Subotica | Zrenjanin | Pančevo | Čačak | Novi Pazar
50%
Bośnia i Hercegowina Banja Luka | Tuzla | Zenica | Mostar | Bijeljina | Brčko | Bihać | Prijedor
46%
Słowenia Maribor | Kranj | Celje | Koper | Velenje | Novo Mesto | Ptuj | Kamnik
46%
Malta St. Paul's Bay | Birkirkara | Sliema | Mosta | Qormi | Żabbar | Naxxar | San Gwann
42%
Łotwa Dyneburg | Lipawa | Jełgawa | Jurmała | Windawa | Rzeżyca | Ogre | Valmiera
38%
Estonia Tartu | Narwa | Pärnu | Kohtla-Järve | Viljandi | Maardu | Rakvere | Kuressaare
38%
Albania Durrës | Wlora | Elbasan | Szkodra | Fier | Korcze | Berat | Lushnja
33%
Islandia Keflavík | Akureyri | Selfoss | Akranes | Vestmannaeyjar | Grindavík | Hveragerði | Ísafjörður
29%
Kosowo Prizren | Gjilan | Pejë | Mitrovicë | Ferizaj | Gjakovë | Vushtrri | Podujevë
29%
Luksemburg Esch-sur-Alzette | Differdange | Dudelange | Pétange | Sanem | Hesperange | Bettembourg | Schifflange
25%
Macedonia Północna Kumanowo | Bitola | Prilep | Tetowo | Sztip | Weles | Ochryda | Strumica
25%
Andora Escaldes | Sant Julià | Encamp | La Massana | Santa Coloma | Ordino | Canillo | El Pas de la Casa
21%
Liechtenstein Schaan | Triesen | Balzers | Eschen | Mauren | Triesenberg | Ruggell | Gamprin
17%
San Marino Serravalle | Borgo Maggiore | Domagnano | Fiorentino | Acquaviva | Faetano | Chiesanuova | Montegiardino
17%
Nie znaleziono quizów pasujących do podanych kryteriów
Rozkład punktacji
Procent ludzi z każdym wynikiem
Percentyl według liczby udzielonych odpowiedzi
Twoja historia wyników
Nie rozwiązałeś tego quizu